000 00378nam a2200145Ia 4500
008 230917s9999||||xx |||||||||||||| ||und||
040 _e170156
_aMAIN
041 _aEnglish
082 _a338.4791 A67T
100 _aArora, R K
245 0 _aTourism planning and human resource development
260 _aNew Delhi
_bMohit Publications
_c2007
300 _a250 p.
942 _cBK
999 _c153589
_d153589